000 01074nam a22002537a 4500
001 82913
003 BD-RjUL
005 20240201153649.0
008 240201s2019 bg a|||| m||| 00| 0 eng d
035 _a(BD-RjUL)82913
040 _aBD-RjUL
_beng
_cBD-RjUL
_dBD-RjUL
041 _aeng
082 _223
_a531.1133
_bALI 2019
100 _aAlam, Mohammad. Shah
_911365
245 1 0 _aInteraction phenomena of nonlinear waves in unmagnetized plasmas /
_cMohammad. Shah Alam ;
_6Principal Supervisor : Mamunur, Rashid Talukder, Co-Supervisor : M. Hossain Ali
260 _aRajshahi :
_bDepartment of Applied Mathematics Faculty of Science, University of Rajshahi,
_c2019
300 _aviii, 155 leaves :
_bill, ;
_c29.cm.
502 _aThesis (Ph. D.) -- Department of Applied Mathematics Faculty of Science, University of Rajshahi, 2019
504 _aReferences : Leaves 117 - 120
650 _awaves
_vClassical mechanics
_911366
700 _aTalukder, Mamunur, Rashid, Principal Supervisor
_910637
700 _aAli, M. Hossain, Co-Supervisor
_911367
942 _2ddc
_cTHE
999 _c82913
_d82913